000
00294 a2200157 4500
001
190194
020
_a
040
_c
Magnum
100
_a
Pier, Miguel de
240
1
0
_a
Drogas
_l
por
245
1
0
_a
Drogas
300
_a
111
362
0
_a
2013
697
_a
MEDICINA E SAÚDE
942
_c
BK
999
_c
190194
_d
190194